| 000 | 01886nam0a2200421 4500 | ||
|---|---|---|---|
| 001 | RU\NLR\bibl\1385378 | ||
| 005 | 20260406134449.0 | ||
| 010 |
_a978-5-86866-440-3 _930000 |
||
| 021 |
_aRU _b2009-32722 _91973 |
||
| 021 |
_aRU _b2010-35414 _92370 |
||
| 021 |
_aRU _b2011-34081 _92429 |
||
| 021 |
_aRU _b2012-35263 _92620 |
||
| 021 |
_aRU _b2012-84552 _96257 |
||
| 021 |
_aRU _b2013-66998 _94588 |
||
| 035 | _a(NLR Aleph) 001377446 | ||
| 090 |
_a1080588 _c1080588 |
||
| 100 | _a20090413d2009 |||y0rusy50 ca | ||
| 101 | 0 |
_arus _aeng |
|
| 102 | _aRU | ||
| 105 | _aa ||||||||| | ||
| 200 | 1 |
_aАнглийский язык. Счастливый английский.ру / Happy English.ru _eучебник для 9 класса общеобразовательных учреждений _fК.И. Кауфман, М.Ю. Кауфман |
|
| 210 |
_aОбнинск _cТитул _d2009 |
||
| 215 |
_a271 с. _cцв. ил. _d22 |
||
| 300 | _aНа обл.: Happy English.ru. 9 класс / K.Kaufman, M. Kaufman | ||
| 512 | 1 |
_6z45790 _aHappy English.ru. 9 класс |
|
| 517 | 0 | _aСчастливый английский. ру / Happy English. ru | |
| 606 | 1 |
_aАнглийский язык _jУчебные издания для средней школы _9972309 _3RU\NLR\auth\6646032 |
|
| 686 | _aШ143.21-93рус21[9] | ||
| 700 | 1 |
_4070 _8rus _7ca _aКауфман _bК. И. _gКлара Исааковна _3RU\NLR\auth\772241 _9112257 |
|
| 701 | 1 |
_4070 _8rus _7ca _aКауфман _bМ.Ю. _gМарианна Юрьевна _3RU\NLR\auth\7725689 _98735 |
|
| 790 | 1 |
_4070 _8rus _7ba _aKaufman _bK.I. _gKlara Isaakovna _3RU\NLR\auth\7725688 _98734 |
|
| 790 | 1 |
_4070 _8rus _7ba _aKaufman _bM. J. _gMarianna Jur'evna _3RU\NLR\AUTH\7725691 _98737 |
|
| 801 | 0 |
_aRU _bРГБ _c20090413 _grcr |
|
| 801 | 1 |
_aRU _bРГБ _c20090413 |
|
| 801 | 2 |
_aRU _bNLR _c20090623 _grcr |
|
| 942 | _cBOOK | ||
| 980 | _aNB | ||